00574nmm a2200169Ia 4500008004100000020001500041041000800056100002400064245010600088264006900194300001800263490002200281650002700303856005000330942000700380999001700387251105s9999||||xx |||||||||||||||||und|| a8477337195 aspa aPérez Ruiz, Aitor 0aLa participación en la ayuda oficial al desarrollo de la Unión Europea : un estudio para Aragón a[Madrid, España] :bPrensas Universitarias de Zaragoza, c2004 a196 páginas aCiencias sociales aEconomics and Business uhttps://public.digitaliapublishing.com/a/2148 cCF c73410d73410